000 01577nam0a22003371 4500
001 v19\rc\2012876
005 20260406001228.0
035 _a(NLR Aleph) 005272908
090 _a6018446
_c6018446
100 _a20080925d1902 |||y0rusy50 ca
101 1 _arus
_ceng
102 _aRU
105 _ay z |||||
200 1 _aИстория Китая
_fПроф. Роберт К. Дуглас
_gПер. с англ. В.П. Батуринского
210 _aСанкт-Петербург
_d1902
215 _a48 с.
_d23
225 1 _aБиблиотека избранных сочинений по истории народов
300 _aИзд. не закончено. Текст обрывается на с. 4?
311 _aПрил. к журн. "Вестник всемирной истории". 1902 № 1-2
316 _aЭкз. РНБ (1/58): приплетено к журн. ...
_5NLR: 1/58
422 0 _12001#$aВестник всемирной истории$v1902 № 1-2
_tВестник всемирной истории
482 0 _12001#$aВестник всемирной истории$v1902 № 1-2
_tВестник всемирной истории
700 1 _aДуглас
_bР.К.
_gРоберт К.
702 1 _4730
_8rus
_7ca
_aБатуринский
_bВ. П.
_f1861-1917
_gВасилий Павлович
_3RU\NLR\AUTH\77110763
_993688
801 0 _aRU
_bNLR
_c20080925
_gpsbo
801 1 _aRU
_bProSoft-M
_c20080925
_2rusmarc
801 2 _aRU
_bNLR
_c20120412
_2rusmarc
852 _aNLR
_j1/58
942 _cBOOK
980 _aNB